000 00626nam a2200229Ia 4500
003 GCL
008 140319s9999 xx 000 0 eng d
040 _aGCL /
_cGCL
082 0 4 _a573
_bH H
100 1 _aHARRISON, G. A.
245 1 0 _aHUMAN BIOLOGY: AN INTRODUCTION TO HUMAN EVOLUTION VARIATION, GROWTH AND ADAPTABILITY /
_cHARRISON, G. A.
700 1 _aTANNER, J. M.
700 1 _aPILBEAM, D. R.
700 1 _aBAKER, P. T.
260 _a[S.N] :
_bELBS ،
_c1990
300 _a568\P
650 0 4 _aBIOLOGY
650 0 4 _aANTHROPOLOGY
650 0 4 _aHUMAN EVOLUTION
650 0 4 _aPRIMATE EVOLUTION
942 _2ddc
_cBK
999 _c20215
_d20215